Seawater Desalination : (Record no. 13767)
[ view plain ]
| 000 -LEADER | |
|---|---|
| fixed length control field | 01341cam a22003135a 4500 |
| 001 - CONTROL NUMBER | |
| control field | 15816760 |
| 005 - DATE AND TIME OF LATEST TRANSACTION | |
| control field | 20091120064956.0 |
| 008 - FIXED-LENGTH DATA ELEMENTS--GENERAL INFORMATION | |
| fixed length control field | 090714s2009 nyu |r 001 0 eng |
| 010 ## - LIBRARY OF CONGRESS CONTROL NUMBER | |
| LC control number | 2009932595 |
| 020 ## - INTERNATIONAL STANDARD BOOK NUMBER | |
| International Standard Book Number | 9783642011498 |
| 020 ## - INTERNATIONAL STANDARD BOOK NUMBER | |
| International Standard Book Number | 9783642011504 |
| 040 ## - CATALOGING SOURCE | |
| Original cataloging agency | DLC |
| Transcribing agency | DLC |
| 082 ## - DEWEY DECIMAL CLASSIFICATION NUMBER | |
| Edition number | 22 |
| Classification number | 628.167 |
| Item number | SEA |
| 245 00 - TITLE STATEMENT | |
| Title | Seawater Desalination : |
| Remainder of title | Conventional and Renewable Energy Processes / |
| Statement of responsibility, etc | Editors Andrea Cipollina, Giorgio Micale, Lucio Rizzuti |
| 260 ## - PUBLICATION, DISTRIBUTION, ETC. (IMPRINT) | |
| Place of publication, distribution, etc | New York : |
| Name of publisher, distributor, etc | Springer Berlin Heidelberg, 2009 |
| Date of publication, distribution, etc | 2009. |
| 300 ## - PHYSICAL DESCRIPTION | |
| Extent | xiv, 306 p. : |
| Other physical details | ill., maps ; |
| Dimensions | 24 cm. |
| 490 0# - Series Statement | |
| Series statement | Green Energy and Technology |
| -- | 19134 |
| 504 ## - BIBLIOGRAPHY, ETC. NOTE | |
| Bibliography, etc | Includes bibliographical references(p.297-299) and index |
| 650 ## - SUBJECT ADDED ENTRY--TOPICAL TERM | |
| 9 (RLIN) | 13061 |
| Topical term or geographic name as entry element | Saline water conversion |
| 650 ## - SUBJECT ADDED ENTRY--TOPICAL TERM | |
| 9 (RLIN) | 13069 |
| Topical term or geographic name as entry element | Saline water conversion plants |
| General subdivision | Economic aspects |
| 650 ## - SUBJECT ADDED ENTRY--TOPICAL TERM | |
| 9 (RLIN) | 13068 |
| Topical term or geographic name as entry element | Saline water conversion plants |
| General subdivision | Power supply |
| 650 ## - SUBJECT ADDED ENTRY--TOPICAL TERM | |
| 9 (RLIN) | 11557 |
| Topical term or geographic name as entry element | Renewable energy sources. |
| 700 ## - ADDED ENTRY--PERSONAL NAME | |
| 9 (RLIN) | 13067 |
| Personal name | Cipollina, Andrea |
| 700 ## - ADDED ENTRY--PERSONAL NAME | |
| 9 (RLIN) | 13065 |
| Personal name | Micale, Giorgio |
| 700 ## - ADDED ENTRY--PERSONAL NAME | |
| 9 (RLIN) | 13066 |
| Personal name | Rizzuti, Lucio |
| 942 ## - ADDED ENTRY ELEMENTS (KOHA) | |
| Source of classification or shelving scheme | Dewey Decimal Classification |
| Item type | Book - Borrowing |
| Withdrawn status | Item status | Source of classification or shelving scheme | Damaged status | Not for loan | Vendor | Home library | Current library | Shelving location | Date acquired | Source of acquisition | Cost, normal purchase price | Serial Enumeration / chronology | Total Checkouts | Total Renewals | Full call number | Barcode | Checked out | Date last seen | Date last borrowed | Koha item type |
|---|---|---|---|---|---|---|---|---|---|---|---|---|---|---|---|---|---|---|---|---|
| Dewey Decimal Classification | Alahram | Central Library | Central Library | First floor | 24/03/2010 | 994.00 | 36 | 13 | 122 | 628.167 SEA | 000020325 | 01/10/2024 | 05/12/2022 | 05/12/2022 | Book - Borrowing |